| 000 | 00418nam a2200169Ia 4500 | ||
|---|---|---|---|
| 008 | 230524s9999 xx 000 0 und d | ||
| 020 | _a9788123051103 | ||
| 082 |
_a658.472 _bRAV |
||
| 100 |
_aV.Ravi _942730 |
||
| 245 | 0 | _aIndustrial Engineering and Management | |
| 250 | _a1 | ||
| 260 |
_aNew Delhi _bPHI _c2015 |
||
| 300 | _a"XVIII,430p;" | ||
| 500 | _aQuantity Number: 1 | ||
| 650 | _aManagement | ||
| 942 | _cBK | ||
| 999 |
_c57713 _d57713 |
||